Memòria : Arxiu Històric de la Diputació de Barcelona / Anna Bel Cañabate Martínez Arxiu Històric de la Diputació de Barcelona / Anna Bel Cañabate Martínez
Descripción Física:
65 f. mecanografiats ; 30 cm
MARC
| LEADER | 00000nam a2200000Ia 4500 | ||
|---|---|---|---|
| 001 | 17948 | ||
| 008 | 160829s2006 xx 000 0 cat d | ||
| 080 | |a A-2-258 | ||
| 100 | |a Cañabate Martínez, Anna Bel |9 23142 | ||
| 245 | |a Memòria : |b Arxiu Històric de la Diputació de Barcelona / Anna Bel Cañabate Martínez | ||
| 260 | |a Barcelona : |b [s.n], |c 2006 | ||
| 300 | |a 65 f. mecanografiats ; |c 30 cm | ||
| 590 | |a Memòria de les pràctiques de l'assignatura Pràcticum de la Facultat de Biblioteconomia i Documentació de la Universitat de Barcelona. Professora: Maria Elvira Silleras | ||
| 610 | 1 | 0 | |a Arxiu General de la Diputació de Barcelona |9 52704 |
| 655 | 0 | |9 55931 |a Tesis i dissertacions acadèmiques | |
| 710 | 1 | |a Universitat de Barcelona. |b Facultat de Biblioteconomia i Documentació |9 53663 | |
| 901 | |a Arxiu | ||
| 942 | |n 1 |2 udc | ||
| 952 | |0 0 |1 0 |4 0 |6 A2258 |7 1 |9 42557 |a Arxiu |b Arxiu |d 2016-12-01 |l 0 |o A-2-258 |p 17948 |r 2016-12-01 00:00:00 |w 2016-12-01 |y ARXIU | ||
| 999 | |c 45062 |d 45062 | ||